000 00707nam a2200277Ia 4500
003 OSt
005 20221007070703.0
006 a|||||r|||| 00| 0
007 ta
008 221006b |||||||| |||| 00| 0 eng d
020 _a9788131252291
024 _a40,810
037 _cTextual
040 _aFLL
_cFLL
_beng
041 _2eng
_aeng
082 _aZ2,3, Q7.2
100 _aPOLLOCK
245 0 _aIndian contract and specific relief
250 _a15th
260 _aGurgaon
_bLexisNexis India
_c2017
300 _acccxcix,2348,1-98p.
_ccm.
490 _vVol.-II
700 _a MULLA
_9683289
942 _hZ2,3, Q7.2
_cTEXL
_2CC
999 _c1141244
_d1141244